Statistiche per Quiz sui Personaggi Biblici più Citati

Clicka qui per fare il quiz!

Statistiche generali

  • Questo quiz è stato fatto 1.909 volte
    (1.895 dall'ultimo reset)
  • Il punteggio medio è 11 su 50

Statistiche sulle risposte

#Person% Corretto
1370
Gesù
98%
186Giuseppe
80%
206Pietro
76%
99Giuda
73%
87Giovanni
70%
784Mosé
63%
173Paolo
63%
278Abramo
60%
122Isacco
51%
47Noè
48%
516Giacobbe
46%
968Davide
38%
57Isaia
36%
274Salomone
32%
49Sara
29%
56Pilato
23%
91Elia
21%
192Giosuè
21%
117
Ezechiele
19%
81Esau
19%
335Saul
17%
121Samuele
15%
124Geremia
14%
333Aronne
13%
77Daniele
13%
44Rachele
11%
51Beniamino
8%
44Levi
6%
88Nabucodonosor
6%
49
Giosia
4%
52Gedeone
4%
79Geroboamo
4%
43Jesse
4%
46Ruben
4%
53Abner
3%
92Absalom
3%
79Acab
3%
53Asa
3%
41Balak
3%
59Balam
3%
69
Manasse
3%
54
Sedechia
3%
61Eleàzaro
3%
67Giosafat
3%
121Ioab
3%
41Ioiakim
3%
42Jehoash
3%
46Jehu
3%
83Jonathan
3%
42Zadok
3%

Distribuzione punteggi

Percentile per numero di risposta

Percentuale di utenti per punteggio

I tuoi punteggi nel tempo

Non hai fatto questo quiz dall'ultimo reset